| 000 | 005530000a22001810004500 | ||
|---|---|---|---|
| 041 | 0 | _aSPA | |
| 082 | 0 | 4 | _aG 261 A4251e |
| 100 | 1 | _aAllen, Roland (1869-1947) | |
| 245 | 1 | 0 | _aLa expansión expontánea de la iglesia / Ronald Allen ; Adan F. Sosa, Traductor |
| 260 | _aBuenos Aires, Aregentina : La Aurora | ||
| 300 | _a221 Pag | ||
| 500 | _aTítulo original : The spontaneus expansion of the church | ||
| 001 | 6733 | ||
| 942 | _cBK | ||
| 999 |
_c36999 _d36999 |
||
| 336 |
_atexto _btxt _2rdacontent |
||
| 337 |
_2rdamedia _asin mediación _bn |
||
| 338 |
_2rdacarrier _avolumen _bnc |
||